Risk management as applied to safety, security, and sanitation (Record no. 365197)
[ view plain ]
| 000 -LEADER | |
|---|---|
| fixed length control field | 00684nam a22002057a 4500 |
| 003 - CONTROL NUMBER IDENTIFIER | |
| control field | 0 |
| 005 - DATE AND TIME OF LATEST TRANSACTION | |
| control field | 20230824081835.0 |
| 008 - FIXED-LENGTH DATA ELEMENTS--GENERAL INFORMATION | |
| fixed length control field | 230824b xxu||||| |||| 00| 0 eng d |
| 020 ## - INTERNATIONAL STANDARD BOOK NUMBER | |
| International Standard Book Number | 978-621-427-130-6 |
| 050 ## - LIBRARY OF CONGRESS CALL NUMBER | |
| Classification number | TX 911.3 |
| Item number | .So66 2023 |
| 100 ## - MAIN ENTRY--PERSONAL NAME | |
| Personal name | Somoray, Ana Marie M. |
| 245 ## - TITLE STATEMENT | |
| Title | Risk management as applied to safety, security, and sanitation |
| Statement of responsibility, etc | Ana Marie M. Somoray |
| 260 ## - PUBLICATION, DISTRIBUTION, ETC. (IMPRINT) | |
| Place of publication, distribution, etc | Manila |
| Name of publisher, distributor, etc | Unlimited Books Library Services & Publishing Inc. |
| Date of publication, distribution, etc | c2023. |
| 300 ## - PHYSICAL DESCRIPTION | |
| Extent | x, 188 pages : |
| Other physical details | ill. |
| Dimensions | 23 cm. |
| 500 ## - GENERAL NOTE | |
| General note | Food risk management. |
| 504 ## - BIBLIOGRAPHY, ETC. NOTE | |
| Bibliography, etc | Includes bibliographical references. |
| 650 ## - SUBJECT ADDED ENTRY--TOPICAL TERM | |
| Topical term or geographic name as entry element | Food risk management. |
| 650 ## - SUBJECT ADDED ENTRY--TOPICAL TERM | |
| Topical term or geographic name as entry element | Food sanitation. |
| 942 ## - ADDED ENTRY ELEMENTS (KOHA) | |
| Source of classification or shelving scheme | Library of Congress Classification |
| Koha item type | Books |
| Withdrawn status | Lost status | Source of classification or shelving scheme | Damaged status | Home library | Current library | Shelving location | Date acquired | Source of acquisition | Sub Shelving location | Total Checkouts | Full call number | Barcode | Date last seen | Price effective from | Koha item type |
|---|---|---|---|---|---|---|---|---|---|---|---|---|---|---|---|
| Library of Congress Classification | College Library | College Library | Filipiniana Section | 08/24/2023 | Library Fund | TX 911.3 .So66 2023 | C22881 | 08/24/2023 | 08/24/2023 | Books |